| 000 | 00607nam a2200205 u 4500 | ||
|---|---|---|---|
| 001 | 1916774 | ||
| 003 | AM-YEHGA | ||
| 005 | 20250618080126.0 | ||
| 008 | 230821s2023 ai o||||||||||||||0barm|d | ||
| 020 | _a9789939927015 | ||
| 040 | _aAM-YeHGA | ||
| 041 | 0 | _aarm | |
| 100 | 1 | _aԳյոժգյան, Արամ | |
| 245 | 1 | 0 |
_aՀուշեր : _bԿենսապատում / _cԱ. Գյոժգյան. |
| 260 |
_aԵրևան : _b«Լորենի» հրատ., _c2023. |
||
| 300 |
_a351 էջ : _bլուսանկար ; _c21 սմ. |
||
| 650 | 1 | 4 |
_aՀայ հուշագրություն _95766 |
| 942 |
_2udc _cBK |
||
| 090 | _c567090 | ||
| 999 |
_c528795 _d528795 |
||